| 000 | 00870nam a2200277 a 4500 | ||
|---|---|---|---|
| 003 | UPN | ||
| 005 | 20240924070652.0 | ||
| 008 | 191112t1994 ag fr 001 0 spa d | ||
| 020 | _a9505572042 | ||
| 035 | _aUPN01000233983 | ||
| 040 |
_aUPN _bspa _cUPN |
||
| 050 | 1 | 4 |
_aD210 _bT6.38 |
| 100 | 1 |
_aTouraine, Alain, _d1925- _929620 |
|
| 245 | 1 | 0 |
_aCrítica de la modernidad / _cAlain Touraine ; trad. Alberto Luis Bixio |
| 260 |
_aBuenos Aires : _bFCE, _c1994. |
||
| 300 | _a391 p. | ||
| 440 | 0 |
_943733 _aSección obras de sociología |
|
| 500 | _aTítulo original: Critique de la modernité. | ||
| 500 | _aIncluye índice temático y de nombres. | ||
| 650 | 4 |
_aHistoria _xFilosofía _96938 |
|
| 650 | 4 |
_aCivilización moderna _98265 |
|
| 700 | 1 |
_aBixio, Alberto L _q(Alberto Luis) _etrad. _943814 |
|
| 905 | _aLibro | ||
| 942 |
_2lcc _cLIBRO |
||
| 999 |
_c206078 _d206078 |
||